Every England International Since 1990 - Statistics

General Stats
  • This quiz has been taken 386 times
  • The average score is 153 of 283
Answer Stats
Year of Debut Position Caps/Goals Player % Correct
1993 FW 17/5 Les Ferdinand
93%
2015 FW 82/55 Harry Kane
92%
2000 MF 114/21 Steven Gerrard
92%
1995 FW 15/1 Andy Cole
91%
2001 DF 107/0 Ashley Cole
91%
2009 FW 7/0 Carlton Cole
91%
2001 MF 56/10 Joe Cole
91%
1997 MF 66/14 Paul Scholes
91%
1997 DF 81/3 Rio Ferdinand
91%
1996 MF 115/17 David Beckham
90%
1988 DF 59/0 Des Walker
90%
1996 GK 4/0 Ian Walker
90%
2011 DF 75/0 Kyle Walker
90%
1995 MF 9/2 Steve Stone
89%
1992 FW 63/30 Alan Shearer
88%
1997 GK 53/0 David James
88%
2020 GK 1/0 Dean Henderson
88%
1999 MF 106/29 Frank Lampard
88%
1995 DF 85/0 Gary Neville
88%
2010 MF 75/3 Jordan Henderson
88%
2017 GK 52/0 Jordan Pickford
88%
1998 FW 89/40 Michael Owen
88%
2011 DF 27/0 Phil Jones
88%
1996 DF 59/0 Phil Neville
88%
2020 DF 16/0 Reece James
88%
1992 DF 8/0 Rob Jones
88%
1991 FW 33/9 Ian Wright
87%
2003 DF 78/6 John Terry
87%
1984 DF 45/1 Mark Wright
87%
2000 GK 2/0 Richard Wright
87%
1988 GK 75/0 David Seaman
86%
2020 MF 23/3 Phil Foden
86%
2003 FW 120/53 Wayne Rooney
86%
2020 MF/FW 26/8 Bukayo Saka
84%
2017 DF 55/7 Harry Maguire
84%
2010 MF 12/2 Adam Johnson
83%
2005 FW 8/0 Andy Johnson
83%
2003 DF 54/1 Glen Johnson
83%
2008 GK 75/0 Joe Hart
83%
2000 MF 1/0 Seth Johnson
83%
2012 FW 1/0 Fraizer Campbell
82%
2014 DF 66/3 John Stones
82%
2020 MF 26/0 Kalvin Phillips
82%
1999 FW 8/0 Kevin Phillips
82%
2016 FW 51/15 Marcus Rashford
82%
2004 MF 36/6 Shaun Wright-Phillips
82%
1996 DF 73/1 Sol Campbell
82%
1988 FW 13/2 Alan Smith
81%
2001 FW/MF 19/1 Alan Smith
81%
2012 MF/FW 82/20 Raheem Sterling
81%
2019 MF 41/3 Declan Rice
80%
1984 FW 80/48 Gary Lineker
80%
2020 MF 31/2 Jack Grealish
80%
2014 DF 29/3 Luke Shaw
79%
2018 DF 18/1 Trent Alexander-Arnold
79%
2015 MF 37/3 Dele Alli
78%
2009 MF 61/1 James Milner
78%
2015 FW 26/7 Jamie Vardy
78%
2017 DF 41/1 Kieran Trippier
78%
2005 GK 12/0 Robert Green
78%
1987 DF 66/5 Tony Adams
78%
2020 MF 24/1 Jude Bellingham
77%
2015 MF/DF 49/3 Eric Dier
76%
2005 FW 42/22 Peter Crouch
76%
1996 FW 26/7 Robbie Fowler
76%
1993 FW 51/11 Teddy Sheringham
76%
2020 MF 1/0 Harvey Barnes
75%
1983 MF 79/11 John Barnes
75%
2018 GK 10/0 Nick Pope
75%
2006 MF/FW 47/8 Theo Walcott
75%
2010 DF 61/5 Gary Cahill
74%
1997 MF 39/0 Nicky Butt
74%
2007 MF/DF 39/7 Ashley Young
72%
1999 FW 62/7 Emile Heskey
72%
2004 FW 57/20 Jermain Defoe
72%
2005 DF 7/0 Luke Young
72%
1970 GK 125/0 Peter Shilton
72%
1992 DF/MF 18/1 Carlton Palmer
71%
1989 DF 19/0 Paul Parker
71%
2003 MF 18/0 Scott Parker
71%
2011 FW 26/8 Daniel Sturridge
70%
2001 MF 34/0 Michael Carrick
70%
1999 DF 23/1 Wes Brown
70%
1995 DF 57/2 Gareth Southgate
69%
2010 MF 34/2 Jack Wilshere
69%
1988 MF 57/10 Paul Gascoigne
69%
1994 MF 37/3 Steve McManaman
69%
2000 MF 53/3 Gareth Barry
68%
1999 DF 38/0 Jamie Carragher
68%
2021 FW 7/2 Ollie Watkins
68%
2003 GK 41/0 Paul Robinson
68%
2021 GK 3/0 Aaron Ramsdale
67%
2011 FW 42/16 Danny Welbeck
67%
2013 GK 6/0 Fraser Forster
67%
2018 DF 18/1 Ben Chilwell
66%
2016 DF 29/0 Danny Rose
66%
2010 DF 30/1 Leighton Baines
66%
2006 DF 13/1 Micah Richards
66%
1992 MF 53/2 Paul Ince
66%
2002 DF 21/2 Ledley King
65%
2012 MF 35/7 Alex Oxlade-Chamberlain
64%
2021 DF 4/0 Benjamin White
64%
2018 FW 6/1 Callum Wilson
64%
1992 MF 1/0 David White
64%
2018 MF/FW 23/3 Jadon Sancho
64%
2010 FW 1/0 Kevin Davies
64%
2019 MF 36/5 Mason Mount
64%
2001 MF 42/0 Owen Hargreaves
64%
2010 FW 9/2 Andy Carroll
63%
2011 DF 31/1 Chris Smalling
63%
2020 FW 11/4 Dominic Calvert-Lewin
63%
1992 DF 43/2 Martin Keown
63%
1980 MF 90/26 Bryan Robson
62%
1990 DF 22/1 Lee Dixon
62%
2013 MF 34/3 Adam Lallana
61%
1989 MF 62/27 David Platt
61%
2017 FW 11/3 Tammy Abraham
61%
2019 DF 17/2 Tyrone Mings
61%
2007 GK 8/0 Ben Foster
59%
1994 MF 8/0 Matt Le Tissier
59%
2017 DF 12/1 Michael Keane
59%
2006 MF 21/0 Aaron Lennon
58%
1991 MF 42/0 David Batty
58%
2006 FW 13/4 Darren Bent
57%
1986 FW 59/9 Peter Beardsley
57%
2008 DF 40/3 Phil Jagielka
57%
1987 DF 78/5 Stuart Pearce
57%
2016 MF 3/0 Danny Drinkwater
56%
2016 MF 32/6 Jesse Lingard
56%
2001 DF 19/0 Danny Mills
55%
1999 MF 33/0 Kieron Dyer
55%
1994 MF/DF 21/2 Rob Lee
55%
1985 GK 43/0 Chris Woods
54%
1988 DF 22/0 Gary Pallister
54%
2007 DF 26/1 Joleon Lescott
54%
2015 FW 3/1 Danny Ings
53%
1994 MF 30/7 Darren Anderton
53%
2022 DF 3/0 Marc Guehi
53%
1992 GK 23/0 Nigel Martyn
53%
1991 MF 21/3 Paul Merson
53%
2007 GK 4/0 Scott Carson
53%
1980 DF 77/3 Terry Butcher
53%
2002 DF 36/1 Wayne Bridge
53%
1999 MF 10/0 Ray Parlour
52%
2005 MF 35/0 Stewart Downing
52%
1985 MF 36/4 Trevor Steven
52%
2021 MF 6/0 Conor Gallagher
51%
2002 FW 22/6 Darius Vassell
51%
1991 MF 9/0 Geoff Thomas
51%
2019 MF 2/0 James Maddison
51%
1995 MF 17/1 Jamie Redknapp
51%
2017 DF 11/0 Joe Gomez
51%
1989 DF 2/0 Nigel Winterburn
51%
1985 MF 62/6 Chris Waddle
50%
2013 MF 33/6 Ross Barkley
50%
2001 MF 12/0 Trevor Sinclair
50%
1991 MF 21/1 Dennis Wise
49%
2019 DF 3/0 Fikayo Tomori
49%
1985 DF 46/0 Gary Stevens
49%
2003 MF 21/1 Jermaine Jenas
49%
2014 MF 20/0 Fabian Delph
48%
1994 DF 36/1 Graeme Le Saux
48%
2012 GK 9/0 Jack Butland
48%
2022 MF 4/0 Jarrod Bowen
48%
2018 DF 1/0 Lewis Dunk
48%
2003 DF 21/2 Matthew Upson
48%
2010 DF 4/0 Michael Dawson
47%
2013 FW 11/3 Rickie Lambert
47%
2017 MF 10/0 Ruben Loftus-Cheek
47%
2012 MF 13/0 Tom Cleverley
47%
2017 MF 11/2 James Ward-Prowse
46%
2014 DF 14/0 Nathaniel Clyne
46%
1995 MF 23/4 Nicky Barmby
46%
2016 GK 3/0 Tom Heaton
46%
2017 MF 10/1 Harry Winks
45%
1994 MF 1/0 Kevin Richardson
45%
2005 MF 8/2 Kieran Richardson
45%
2020 FW 1/0 Mason Greenwood
45%
2020 DF 10/1 Conor Coady
44%
2007 MF 1/0 Joey Barton
44%
2021 GK 3/0 Sam Johnstone
44%
1994 DF 2/0 Steve Bould
44%
1999 MF 3/0 Tim Sherwood
44%
1995 DF 3/0 Warren Barton
44%
1997 FW 1/0 Chris Sutton
43%
2012 DF 19/1 Ryan Bertrand
43%
2008 FW 3/0 Gabriel Agbonlahor
42%
1986 MF 24/0 Steve Hodge
42%
2012 FW 2/0 Wilfried Zaha
42%
1998 FW 4/0 Dion Dublin
41%
1999 DF 8/0 Jonathan Woodgate
41%
2010 DF 10/0 Kieran Gibbs
41%
1993 GK 11/0 Tim Flowers
41%
2023 FW 1/0 Ivan Toney
40%
2014 DF 3/0 Calum Chambers
39%
2001 MF 9/1 Danny Murphy
39%
2022 DF 2/0 Kyle Walker-Peters
39%
1991 MF 8/0 Lee Sharpe
39%
2004 MF 1/0 Alan Thompson
38%
1995 FW 3/0 Stan Collymore
38%
1988 MF 17/0 Steve McMahon
38%
1987 MF 26/4 Neil Webb
37%
1989 DF 15/0 Tony Dorigo
37%
2019 FW 3/0 Callum Hudson-Odoi
36%
2018 DF 2/0 James Tarkowski
36%
2002 MF 1/0 Lee Bowyer
36%
1984 FW 32/9 Mark Hateley
36%
2009 MF 4/0 Tom Huddlestone
36%
1991 MF/DF 12/0 Andy Sinton
35%
2001 DF 1/0 Michael Ball
35%
2017 FW 1/0 Dominic Solanke
34%
2021 MF 3/1 Emile Smith Rowe
34%
2003 FW 1/1 Francis Jeffers
34%
2012 DF 1/0 Martin Kelly
34%
1989 MF 14/0 Nigel Clough
34%
1989 FW 13/4 Steve Bull
34%
2013 MF 13/3 Andros Townsend
33%
2006 GK 1/0 Chris Kirkland
32%
2021 FW 1/0 Patrick Bamford
32%
1988 MF 14/0 David Rocastle
31%
1982 DF/MF 16/1 Gary Mabbutt
31%
2012 MF 7/0 Jake Livermore
31%
2016 DF 3/0 Aaron Cresswell
30%
1991 FW 3/0 Brian Deane
30%
2002 MF 1/0 David Dunn
30%
2003 FW 5/0 James Beattie
30%
1996 MF 3/0 Jason Wilcox
30%
2012 MF 2/0 Leon Osman
30%
2010 FW 2/0 Bobby Zamora
29%
2014 DF 1/0 Jon Flanagan
29%
1994 DF 4/0 Steve Howey
29%
2020 DF/MF 5/0 Ainsley Maitland-Niles
28%
1991 MF 1/0 Andy Gray
28%
2001 DF 5/0 Chris Powell
28%
2007 MF 7/0 David Bentley
28%
1991 FW 3/1 David Hirst
28%
2013 FW 1/0 Jay Rodriguez
28%
2018 MF 1/0 Lewis Cook
28%
1999 DF 3/0 Michael Gray
28%
1994 DF 1/0 Neil Ruddock
28%
1991 MF 3/0 Paul Stewart
28%
2008 DF 2/0 Stephen Warnock
28%
2008 FW 1/0 Dean Ashton
27%
2012 MF 6/0 Jonjo Shelvey
27%
2012 DF 1/0 Carl Jenkinson
26%
1991 MF 7/0 Tony Daley
26%
2022 DF 2/0 Tyrick Mitchell
26%
1996 DF 4/1 Ugo Ehiogu
26%
2003 DF 2/0 Paul Konchesky
25%
2012 DF 1/0 Ryan Shawcross
25%
1993 MF 2/0 Stuart Ripley
25%
2007 FW 1/1 David Nugent
24%
2017 MF 1/0 Jack Cork
24%
2002 FW 1/0 Michael Ricketts
24%
2017 MF 1/0 Nathan Redmond
24%
2015 MF 1/0 Ryan Mason
24%
1995 DF 2/0 Colin Cooper
23%
1995 DF 1/0 David Unsworth
23%
1994 DF 2/0 Barry Venison
22%
2022 DF 1/0 James Justin
22%
1995 DF 3/0 John Scales
22%
2011 MF 1/0 Matt Jarvis
22%
2012 DF 1/1 Steven Caulker
22%
2018 GK 1/0 Alex McCarthy
21%
2004 DF 1/0 Anthony Gardner
21%
2011 MF 3/0 Jack Rodwell
21%
1998 MF 1/0 Lee Hendrie
21%
1991 MF 1/0 Mark Walters
21%
1991 DF 2/0 Gary Charles
20%
2005 DF 2/0 Zat Knight
20%
1996 DF 7/0 Andy Hinchcliffe
19%
2010 FW 1/0 Jay Bothroyd
19%
2018 MF 1/0 Nathaniel Chalobah
19%
2021 DF 2/0 Ben Godfrey
18%
1983 MF 10/2 Gordon Cowans
18%
1999 MF 1/0 Steve Guppy
18%
2007 DF 2/0 Nicky Shorey
16%
1992 DF 2/0 David Bardsley
15%
2001 MF 1/0 Gavin McCann
15%
2012 GK 1/0 John Ruddy
15%
1991 DF 3/0 Earl Barrett
14%
1991 MF 5/0 John Salako
14%
1992 DF 3/0 Keith Curle
14%
No matching quizzes found
Score Distribution
Percent of People with Each Score
Percentile by Number Answered
Your Score History
You have not taken this quiz